00571nam a2200157Ia 4500008004100000082002000041100001800061245002100079260003100100300001000131630001800141650010900159942000900268952011900277999001700396211109s9999||||xx |||||||||||||| ||und|| a891.433 bVER-L aVerma, Nirmal 0aLal Tin Ki Chhat bVANI PrakasanaDelhic1974 a250p. xgeneral stack aLiterature & rhetoricvLiteratures of other languagesx East Indo-European & Celtic literaturesGeneralia cBOOK 00102ddc4070aSBCLbSBCLc2d2021-11-09g100.00o891.433 NIR-Lp00095953r2021-11-09 00:00:00w2021-11-09yBOOK c53668d53668